| 000 | 00755nam a2200217Ia 4500 | ||
|---|---|---|---|
| 003 | GCL | ||
| 008 | 140319s9999 xx 000 0 ara d | ||
| 040 |
_aGCL / _cGCL |
||
| 082 | 0 | 4 |
_a071.956 _bم ح |
| 100 | 1 | _aمركز دراسات الوحدة العربية | |
| 245 | 1 | 0 |
_aالحياة الفكرية فى المشرق العربى(1939-1890) / _cمركز دراسات الوحدة العربية |
| 700 | 1 | _aاوين، روجر | |
| 260 |
_a[S.N] : _bمركز دراسات الوحدة العربية ، _c1983 |
||
| 300 | _a236 ص | ||
| 490 | _a | ||
| 650 | 0 | 4 | _aالعالم العربى |
| 650 | 0 | 4 | _aالثقافة العربية |
| 650 | 0 | 4 | _aالصحافة العربية |
| 650 | 0 | 4 | _aالقومية العربية |
| 942 |
_2ddc _cBK |
||
| 999 |
_c35249 _d35249 |
||